[Event "ODJM A 2024"]
[Site "Willingen GER"]
[Date "2024.05.19"]
[Round "2"]
[White "Meiwes, Thore"]
[Black "Möller, Tom"]
[Result "1-0"]
[Termination "normal"]
[Board "23"]
[WhiteElo "2050"]
[BlackElo "1902"]
[WhiteClock "00:26:55"]
[BlackClock "00:02:16"]
[PlyCount "75"]
[WhiteFideId "16201256"]
[BlackFideId "16287215"]
[EventCountry "GER"]
[EventRounds "9"]
[EventType "swiss"]
[EventDate "2024.05.18"]

1. d4 {[%clk 01:30:59]} {[%emt 00:46:08]} d5 {[%clk 01:30:55]} {[%emt
00:00:05]} 2. Nf3 {[%clk 01:31:26]} {[%emt 00:00:03]} e6 {[%clk 01:31:19]}
{[%emt 00:00:06]} 3. Bf4 {[%clk 01:31:52]} {[%emt 00:00:03]} Nf6 {[%clk
01:26:59]} {[%emt 00:04:51]} 4. e3 {[%clk 01:32:16]} {[%emt 00:00:06]} c5
{[%clk 01:24:36]} {[%emt 00:02:53]} 5. Nbd2 {[%clk 01:32:39]} {[%emt 00:00:07]}
Nc6 {[%clk 01:22:50]} {[%emt 00:02:15]} 6. c3 {[%clk 01:32:58]} {[%emt
00:00:11]} a6 {[%clk 01:16:35]} {[%emt 00:06:46]} 7. Bd3 {[%clk 01:33:11]}
{[%emt 00:00:17]} b5 {[%clk 01:10:36]} {[%emt 00:06:28]} 8. Ne5 {[%clk
01:33:09]} {[%emt 00:00:32]} Nxe5 {[%clk 01:06:36]} {[%emt 00:04:30]} 9. dxe5
{[%clk 01:33:32]} {[%emt 00:00:08]} Nd7 {[%clk 01:06:30]} {[%emt 00:00:36]} 10.
h4 {[%clk 01:26:05]} {[%emt 00:07:56]} Bb7 {[%clk 00:58:52]} {[%emt 00:08:09]}
11. h5 {[%clk 01:23:31]} {[%emt 00:03:03]} b4 {[%clk 00:55:30]} {[%emt
00:03:53]} 12. Nf3 {[%clk 01:13:01]} {[%emt 00:11:00]} c4 {[%clk 00:42:12]}
{[%emt 00:13:48]} 13. Bc2 {[%clk 01:10:55]} {[%emt 00:02:35]} Qa5 {[%clk
00:40:37]} {[%emt 00:02:05]} 14. Qd2 {[%clk 00:57:29]} {[%emt 00:13:55]} b3
{[%clk 00:29:21]} {[%emt 00:11:47]} 15. Bb1 {[%clk 00:54:45]} {[%emt 00:03:14]}
O-O-O {[%clk 00:29:43]} {[%emt 00:00:09]} 16. Ng5 {[%clk 00:52:45]} {[%emt
00:02:30]} Be7 {[%clk 00:19:35]} {[%emt 00:10:37]} 17. Nxf7 {[%clk 00:53:01]}
{[%emt 00:00:14]} Nc5 {[%clk 00:19:53]} {[%emt 00:00:12]} 18. Nxh8 {[%clk
00:52:23]} {[%emt 00:01:08]} Rxh8 {[%clk 00:18:45]} {[%emt 00:01:39]} 19. O-O
{[%clk 00:51:50]} {[%emt 00:01:02]} g5 {[%clk 00:16:23]} {[%emt 00:02:52]} 20.
Bh2 {[%clk 00:50:23]} {[%emt 00:01:57]} h6 {[%clk 00:16:18]} {[%emt 00:00:36]}
21. a3 {[%clk 00:48:42]} {[%emt 00:02:10]} Bc6 {[%clk 00:15:20]} {[%emt
00:01:27]} 22. g4 {[%clk 00:47:22]} {[%emt 00:01:51]} Rg8 {[%clk 00:11:35]}
{[%emt 00:04:16]} 23. Bg3 {[%clk 00:41:24]} {[%emt 00:06:26]} Be8 {[%clk
00:10:11]} {[%emt 00:01:55]} 24. f3 {[%clk 00:38:33]} {[%emt 00:03:21]} Nd7
{[%clk 00:08:50]} {[%emt 00:01:51]} 25. Kh1 {[%clk 00:38:19]} {[%emt 00:00:45]}
Bc5 {[%clk 00:07:54]} {[%emt 00:01:25]} 26. Qe2 {[%clk 00:37:36]} {[%emt
00:01:13]} Qb6 {[%clk 00:06:24]} {[%emt 00:06:11]} 27. Re1 {[%clk 00:31:17]}
{[%emt 00:02:38]} Qc6 {[%clk 00:02:29]} {[%emt 00:04:26]} 28. e4 {[%clk
00:29:09]} {[%emt 00:02:37]} Rf8 {[%clk 00:00:57]} {[%emt 00:02:02]} 29. exd5
{[%clk 00:28:44]} {[%emt 00:00:55]} exd5 {[%clk 00:00:53]} {[%emt 00:00:35]}
30. e6 {[%clk 00:28:55]} {[%emt 00:00:19]} Nf6 {[%clk 00:00:50]} {[%emt
00:00:34]} 31. Bf5 {[%clk 00:28:11]} {[%emt 00:01:13]} Kb7 {[%clk 00:01:14]}
{[%emt 00:00:06]} 32. Qe5 {[%clk 00:28:21]} {[%emt 00:00:19]} Ba7 {[%clk
00:01:16]} {[%emt 00:00:28]} 33. e7 {[%clk 00:27:02]} {[%emt 00:01:49]} Rf7
{[%clk 00:01:25]} {[%emt 00:00:21]} 34. Rad1 {[%clk 00:26:49]} {[%emt
00:00:43]} d4 {[%clk 00:01:31]} {[%emt 00:00:25]} 35. Rxd4 {[%clk 00:25:56]}
{[%emt 00:01:22]} Qxf3+ {[%clk 00:01:52]} {[%emt 00:00:09]} 36. Kh2 {[%clk
00:26:13]} {[%emt 00:00:13]} Bxd4 {[%clk 00:01:57]} {[%emt 00:00:25]} 37. Qc7+
{[%clk 00:26:29]} {[%emt 00:00:14]} Ka8 {[%clk 00:02:16]} {[%emt 00:00:12]} 38.
Qb8# {[%clk 00:26:55]} {[%emt 00:00:01]} 1-0

[Event "ODJM A 2024"]
[Site "Willingen GER"]
[Date "2024.05.19"]
[Round "2"]
[White "Nguyen, Phuc Nhat"]
[Black "Astner, Sebastian"]
[Result "1/2-1/2"]
[Termination "normal"]
[Board "24"]
[WhiteElo "1893"]
[BlackElo "1930"]
[WhiteClock "00:19:00"]
[BlackClock "00:54:16"]
[PlyCount "130"]
[WhiteFideId "16253590"]
[BlackFideId "12979422"]
[EventCountry "GER"]
[EventRounds "9"]
[EventType "swiss"]
[EventDate "2024.05.18"]

1. e4 {[%clk 01:30:57]} {[%emt 00:00:01]} c5 {[%clk 01:30:56]} {[%emt
00:00:06]} 2. Nf3 {[%clk 01:31:21]} {[%emt 00:00:05]} d6 {[%clk 01:31:22]}
{[%emt 00:00:05]} 3. d4 {[%clk 01:31:46]} {[%emt 00:00:04]} cxd4 {[%clk
01:31:49]} {[%emt 00:00:03]} 4. Nxd4 {[%clk 01:32:10]} {[%emt 00:00:05]} Nf6
{[%clk 01:32:16]} {[%emt 00:00:04]} 5. Nc3 {[%clk 01:32:35]} {[%emt 00:00:05]}
g6 {[%clk 01:32:43]} {[%emt 00:00:03]} 6. Be3 {[%clk 01:32:23]} {[%emt
00:00:42]} Bg7 {[%clk 01:33:08]} {[%emt 00:00:05]} 7. f3 {[%clk 01:32:26]}
{[%emt 00:00:27]} O-O {[%clk 01:33:34]} {[%emt 00:00:05]} 8. Qd2 {[%clk
01:31:22]} {[%emt 00:01:34]} Nc6 {[%clk 01:33:59]} {[%emt 00:00:05]} 9. O-O-O
{[%clk 01:31:46]} {[%emt 00:00:05]} d5 {[%clk 01:34:12]} {[%emt 00:00:18]} 10.
exd5 {[%clk 01:21:28]} {[%emt 00:10:47]} Nxd5 {[%clk 01:34:37]} {[%emt
00:00:06]} 11. Nxc6 {[%clk 01:20:39]} {[%emt 00:01:18]} bxc6 {[%clk 01:35:02]}
{[%emt 00:00:05]} 12. Nxd5 {[%clk 01:20:56]} {[%emt 00:00:13]} cxd5 {[%clk
01:32:02]} {[%emt 00:03:31]} 13. Qxd5 {[%clk 01:21:15]} {[%emt 00:00:10]} Be6
{[%clk 01:29:21]} {[%emt 00:03:11]} 14. Qxd8 {[%clk 01:19:55]} {[%emt
00:01:50]} Rfxd8 {[%clk 01:29:48]} {[%emt 00:00:04]} 15. Rxd8+ {[%clk
01:19:46]} {[%emt 00:00:39]} Rxd8 {[%clk 01:30:16]} 16. b3 {[%clk 01:16:11]}
{[%emt 00:04:05]} a5 {[%clk 01:25:31]} {[%emt 00:05:15]} 17. Bd3 {[%clk
01:01:47]} {[%emt 00:14:53]} Bc3 {[%clk 01:16:57]} {[%emt 00:09:04]} 18. Kd1
{[%clk 00:46:12]} {[%emt 00:16:05]} Bf5 {[%clk 01:11:35]} {[%emt 00:05:53]} 19.
Ke2 {[%clk 00:45:42]} {[%emt 00:01:01]} Bxd3+ {[%emt 00:00:07]} 20. cxd3 {[%clk
00:46:03]} {[%emt 00:00:05]} Bb2 {[%clk 01:12:13]} {[%emt 00:00:18]} 21. Rb1
{[%clk 00:46:19]} {[%emt 00:00:12]} Ba3 {[%clk 01:11:53]} {[%emt 00:00:52]} 22.
Bc1 {[%clk 00:46:37]} {[%emt 00:00:11]} Bd6 {[%clk 01:11:24]} {[%emt 00:00:59]}
23. Bd2 {[%clk 00:41:16]} {[%emt 00:05:52]} Rc8 {[%clk 01:09:36]} {[%emt
00:02:18]} 24. Rc1 {[%clk 00:30:23]} {[%emt 00:11:23]} Ra8 {[%clk 00:57:47]}
{[%emt 00:12:19]} 25. h3 {[%clk 00:30:22]} {[%emt 00:00:30]} a4 {[%clk
00:57:51]} {[%emt 00:00:27]} 26. b4 {[%clk 00:30:04]} {[%emt 00:00:48]} Rb8
{[%clk 00:57:54]} {[%emt 00:00:27]} 27. Rc4 {[%clk 00:28:41]} {[%emt 00:01:52]}
Kf8 {[%clk 00:56:59]} {[%emt 00:01:25]} 28. a3 {[%clk 00:22:28]} {[%emt
00:06:44]} Ke8 {[%clk 00:55:11]} {[%emt 00:02:18]} 29. Bf4 {[%clk 00:19:04]}
{[%emt 00:03:54]} Bxf4 {[%clk 00:47:51]} {[%emt 00:07:50]} 30. Rxf4 {[%clk
00:19:31]} {[%emt 00:00:03]} Rb5 {[%clk 00:48:14]} {[%emt 00:00:07]} 31. Rc4
{[%clk 00:18:57]} {[%emt 00:01:04]} Kd7 {[%clk 00:46:03]} {[%emt 00:02:41]} 32.
d4 {[%clk 00:19:08]} {[%emt 00:00:18]} Rd5 {[%clk 00:44:12]} {[%emt 00:02:22]}
33. Rc5 {[%clk 00:13:04]} {[%emt 00:06:33]} Rxd4 {[%clk 00:42:19]} {[%emt
00:02:24]} 34. Ra5 {[%clk 00:12:57]} {[%emt 00:00:36]} Kc6 {[%clk 00:41:10]}
{[%emt 00:01:40]} 35. Rxa4 {[%clk 00:12:25]} {[%emt 00:01:02]} Rd7 {[%clk
00:40:34]} {[%emt 00:05:16]} 36. Ra5 {[%clk 00:11:39]} Kb6 {[%clk 00:40:38]}
37. a4 {[%clk 00:06:29]} {[%emt 00:03:12]} Rd4 {[%clk 00:39:08]} {[%emt
00:02:00]} 38. Rb5+ {[%clk 00:06:48]} {[%emt 00:00:11]} Kc6 {[%clk 00:39:33]}
{[%emt 00:00:05]} 39. Rc5+ {[%clk 00:07:11]} {[%emt 00:00:07]} Kd6 {[%clk
00:39:53]} {[%emt 00:00:10]} 40. Rb5 {[%clk 00:07:34]} {[%emt 00:00:08]} Kc6
{[%clk 00:40:16]} {[%emt 00:00:06]} 41. Ke3 {[%clk 00:07:14]} {[%emt 00:00:49]}
e5 {[%clk 00:40:01]} {[%emt 00:00:46]} 42. Rxe5 {[%clk 00:07:21]} {[%emt
00:00:23]} Rxb4 {[%clk 00:40:19]} {[%emt 00:00:12]} 43. Re7 {[%clk 00:07:35]}
{[%emt 00:00:15]} Rxa4 {[%clk 00:40:45]} {[%emt 00:00:06]} 44. Rxf7 {[%clk
00:08:01]} {[%emt 00:00:03]} Rh4 {[%clk 00:41:09]} {[%emt 00:00:06]} 45. Rf4
{[%clk 00:05:39]} {[%emt 00:02:51]} Rh5 {[%clk 00:41:01]} {[%emt 00:00:39]} 46.
Rd4 {[%clk 00:06:04]} {[%emt 00:00:05]} Rf5 {[%clk 00:39:44]} {[%emt 00:01:47]}
47. g4 {[%clk 00:04:01]} {[%emt 00:02:33]} Rf7 {[%clk 00:39:38]} {[%emt
00:00:36]} 48. h4 {[%clk 00:25:12]} {[%emt 00:09:18]} Kc5 {[%clk 01:04:30]}
{[%emt 00:05:39]} 49. Rd8 {[%clk 00:25:07]} {[%emt 00:00:34]} Kc6 {[%clk
01:03:38]} {[%emt 00:01:23]} 50. Ke4 {[%clk 00:24:10]} {[%emt 00:01:27]} Re7+
{[%clk 01:03:30]} {[%emt 00:00:38]} 51. Kf4 {[%clk 00:24:34]} {[%emt 00:00:06]}
Rf7+ {[%clk 01:03:56]} {[%emt 00:00:05]} 52. Kg3 {[%clk 00:24:12]} {[%emt
00:01:02]} Kc7 {[%clk 01:03:52]} {[%emt 00:00:52]} 53. Rd4 {[%clk 00:24:22]} h6
{[%clk 01:03:03]} {[%emt 00:03:59]} 54. Rf4 {[%clk 00:22:26]} {[%emt 00:00:12]}
Rg7 {[%clk 01:02:52]} {[%emt 00:00:05]} 55. g5 {[%clk 00:22:42]} {[%emt
00:00:15]} hxg5 {[%clk 01:02:47]} {[%emt 00:00:35]} 56. hxg5 {[%clk 00:23:09]}
{[%emt 00:00:02]} Kd7 {[%clk 01:03:10]} {[%emt 00:00:07]} 57. Rf6 {[%clk
00:23:34]} {[%emt 00:00:05]} Ke7 {[%clk 01:03:31]} {[%emt 00:00:09]} 58. Kg4
{[%clk 00:23:58]} {[%emt 00:00:06]} Ke8 {[%clk 01:03:07]} {[%emt 00:00:54]} 59.
f4 {[%clk 00:23:09]} {[%emt 00:01:19]} Ke7 {[%clk 01:03:16]} {[%emt 00:00:22]}
60. f5 {[%clk 00:23:03]} {[%emt 00:00:36]} gxf5+ {[%clk 01:02:11]} {[%emt
00:01:34]} 61. Rxf5 {[%clk 00:23:00]} {[%emt 00:00:32]} Rg8 {[%clk 00:54:28]}
{[%emt 00:08:15]} 62. Rf1 {[%clk 00:22:25]} {[%emt 00:01:03]} Rf8 {[%clk
00:54:14]} {[%emt 00:00:45]} 63. Ra1 {[%clk 00:18:25]} {[%emt 00:04:31]} Kf7
{[%clk 00:53:47]} {[%emt 00:00:56]} 64. Ra7+ {[%clk 00:18:34]} {[%emt
00:00:21]} Kg6 {[%clk 00:53:51]} {[%emt 00:00:26]} 65. Ra6+ {[%clk 00:19:00]}
{[%emt 00:00:06]} Kg7 {[%clk 00:54:16]} {[%emt 00:00:04]} 1/2-1/2

[Event "ODJM A 2024"]
[Site "Willingen GER"]
[Date "2024.05.19"]
[Round "2"]
[White "Berelowitsch, Dana"]
[Black "Fruth, David"]
[Result "0-1"]
[Termination "normal"]
[Board "25"]
[WhiteElo "1906"]
[BlackElo "1931"]
[WhiteClock "00:25:31"]
[BlackClock "00:51:25"]
[PlyCount "54"]
[WhiteFideId "12977144"]
[BlackFideId "16257596"]
[EventCountry "GER"]
[EventRounds "9"]
[EventType "swiss"]
[EventDate "2024.05.18"]

1. e4 {[%clk 01:30:58]} {[%emt 00:00:01]} c5 {[%clk 01:30:59]} {[%emt
00:00:02]} 2. Nf3 {[%clk 01:31:04]} {[%emt 00:00:23]} g6 {[%clk 01:31:16]}
{[%emt 00:00:14]} 3. d4 {[%clk 01:31:17]} {[%emt 00:00:17]} cxd4 {[%clk
01:31:43]} {[%emt 00:00:03]} 4. Nxd4 {[%clk 01:31:34]} {[%emt 00:00:13]} Bg7
{[%clk 01:31:59]} {[%emt 00:00:14]} 5. Nc3 {[%clk 01:31:33]} {[%emt 00:00:31]}
Nc6 {[%clk 01:32:27]} {[%emt 00:00:02]} 6. Be3 {[%clk 01:31:22]} {[%emt
00:00:41]} Nf6 {[%clk 01:32:55]} {[%emt 00:00:03]} 7. Bc4 {[%clk 01:31:10]}
{[%emt 00:00:41]} O-O {[%clk 01:30:25]} {[%emt 00:03:01]} 8. Bb3 {[%clk
01:31:26]} {[%emt 00:00:13]} Re8 {[%clk 01:30:50]} {[%emt 00:00:05]} 9. f3
{[%clk 01:29:26]} {[%emt 00:02:30]} e6 {[%clk 01:31:17]} {[%emt 00:00:04]} 10.
Qd2 {[%clk 01:28:28]} {[%emt 00:01:27]} d5 {[%clk 01:31:27]} {[%emt 00:00:20]}
11. O-O-O {[%clk 01:24:49]} {[%emt 00:04:09]} Na5 {[%clk 01:07:03]} {[%emt
00:24:54]} 12. exd5 {[%clk 01:22:19]} {[%emt 00:03:00]} Nxb3+ {[%clk 01:07:12]}
{[%emt 00:00:20]} 13. Nxb3 {[%clk 01:20:50]} {[%emt 00:02:00]} Nxd5 {[%clk
01:06:53]} {[%emt 00:00:49]} 14. Nxd5 {[%clk 01:17:46]} {[%emt 00:03:33]} exd5
{[%clk 01:03:01]} {[%emt 00:04:23]} 15. Rhe1 {[%clk 01:13:58]} {[%emt
00:04:18]} Bf5 {[%clk 00:56:41]} {[%emt 00:06:50]} 16. g4 {[%clk 01:08:36]}
{[%emt 00:05:52]} Be6 {[%clk 00:56:38]} {[%emt 00:00:34]} 17. Bh6 {[%clk
01:05:37]} {[%emt 00:03:28]} Bh8 {[%clk 00:54:21]} {[%emt 00:02:47]} 18. Nd4
{[%clk 01:01:31]} {[%emt 00:04:36]} Rc8 {[%clk 00:53:49]} {[%emt 00:01:02]} 19.
h4 {[%clk 00:56:12]} {[%emt 00:05:48]} Rc4 {[%clk 00:53:01]} {[%emt 00:01:19]}
20. Nxe6 {[%clk 00:47:00]} {[%emt 00:09:42]} fxe6 {[%clk 00:53:13]} {[%emt
00:00:18]} 21. h5 {[%clk 00:42:55]} {[%emt 00:04:35]} Qf6 {[%clk 00:50:59]}
{[%emt 00:02:44]} 22. c3 {[%clk 00:41:44]} {[%emt 00:01:41]} d4 {[%clk
00:50:16]} {[%emt 00:01:13]} 23. hxg6 {[%clk 00:36:48]} {[%emt 00:05:25]} dxc3
{[%clk 00:50:19]} {[%emt 00:00:27]} 24. gxh7+ {[%clk 00:36:30]} {[%emt
00:00:48]} Kf7 {[%clk 00:50:37]} {[%emt 00:00:12]} 25. bxc3 {[%clk 00:29:40]}
{[%emt 00:07:20]} Rxc3+ {[%clk 00:51:03]} {[%emt 00:00:04]} 26. Kb1 {[%clk
00:29:51]} {[%emt 00:00:19]} Rc4 {[%clk 00:50:58]} {[%emt 00:00:34]} 27. Qd7+
{[%clk 00:25:31]} {[%emt 00:04:52]} Re7 {[%clk 00:51:25]} {[%emt 00:00:02]} 0-1

[Event "ODJM A 2024"]
[Site "Willingen GER"]
[Date "2024.05.19"]
[Round "2"]
[White "Pfaar, Zeno"]
[Black "Andresen, Marc"]
[Result "1-0"]
[Termination "normal"]
[Board "26"]
[WhiteElo "1961"]
[BlackElo "1879"]
[WhiteClock "00:32:46"]
[BlackClock "00:17:36"]
[PlyCount "129"]
[WhiteFideId "34614567"]
[BlackFideId "16233719"]
[EventCountry "GER"]
[EventRounds "9"]
[EventType "swiss"]
[EventDate "2024.05.18"]

1. c4 {[%clk 01:30:54]} {[%emt 00:00:05]} e6 {[%clk 01:30:51]} {[%emt
00:00:09]} 2. g3 {[%clk 01:31:12]} {[%emt 00:00:12]} d5 {[%clk 01:31:15]}
{[%emt 00:00:06]} 3. Bg2 {[%clk 01:31:36]} {[%emt 00:00:06]} Nf6 {[%clk
01:31:38]} {[%emt 00:00:07]} 4. Nf3 {[%clk 01:31:57]} {[%emt 00:00:08]} dxc4
{[%clk 01:32:02]} {[%emt 00:00:07]} 5. Qa4+ {[%clk 01:32:15]} {[%emt 00:00:12]}
Bd7 {[%clk 01:32:27]} {[%emt 00:00:06]} 6. Qxc4 {[%clk 01:32:38]} {[%emt
00:00:06]} c5 {[%clk 01:32:54]} {[%emt 00:00:04]} 7. Ne5 {[%clk 01:32:38]}
{[%emt 00:00:30]} Qc8 {[%clk 01:33:18]} {[%emt 00:00:06]} 8. d3 {[%clk
01:32:01]} {[%emt 00:01:07]} Nc6 {[%clk 01:32:58]} {[%emt 00:00:50]} 9. Nxd7
{[%clk 01:32:10]} {[%emt 00:00:21]} Nxd7 {[%clk 01:31:28]} {[%emt 00:02:01]}
10. Qc2 {[%clk 01:30:36]} {[%emt 00:02:03]} Be7 {[%clk 01:31:17]} {[%emt
00:00:41]} 11. Nc3 {[%clk 01:30:27]} {[%emt 00:00:40]} O-O {[%clk 01:31:21]}
{[%emt 00:00:24]} 12. O-O {[%clk 01:30:43]} {[%emt 00:00:15]} Rd8 {[%clk
01:31:15]} {[%emt 00:00:37]} 13. a3 {[%clk 01:15:57]} {[%emt 00:15:16]} Nd4
{[%clk 01:23:47]} {[%emt 00:07:58]} 14. Qd1 {[%clk 01:15:41]} {[%emt 00:00:45]}
c4 {[%clk 01:03:27]} {[%emt 00:20:50]} 15. Be3 {[%clk 01:11:35]} {[%emt
00:04:35]} Nf6 {[%clk 01:02:02]} {[%emt 00:01:56]} 16. Qa4 {[%emt 00:08:00]}
Nf5 {[%clk 00:43:06]} {[%emt 00:19:22]} 17. Bf4 {[%clk 00:43:18]} {[%emt
00:21:20]} cxd3 {[%clk 00:38:23]} {[%emt 00:05:14]} 18. exd3 {[%clk 00:42:52]}
{[%emt 00:00:55]} Nd4 {[%clk 00:28:10]} {[%emt 00:10:43]} 19. Kh1 {[%clk
00:41:20]} {[%emt 00:02:01]} Qd7 {[%clk 00:22:38]} {[%emt 00:06:03]} 20. Rac1
{[%clk 00:39:06]} {[%emt 00:02:44]} Qxa4 {[%clk 00:13:24]} {[%emt 00:09:45]}
21. Nxa4 {[%clk 00:39:28]} {[%emt 00:00:08]} Nd5 {[%clk 00:13:44]} {[%emt
00:00:09]} 22. Bxd5 {[%clk 00:37:09]} {[%emt 00:02:48]} Rxd5 {[%clk 00:14:11]}
{[%emt 00:00:04]} 23. Rc7 {[%clk 00:37:22]} {[%emt 00:00:17]} Bd6 {[%clk
00:12:22]} {[%emt 00:02:19]} 24. Bxd6 {[%clk 00:37:34]} {[%emt 00:00:18]} Rxd6
{[%clk 00:12:49]} {[%emt 00:00:03]} 25. Rxb7 {[%clk 00:37:26]} {[%emt
00:00:38]} Nf3 {[%clk 00:11:52]} {[%emt 00:01:27]} 26. Nc5 {[%clk 00:34:49]}
{[%emt 00:03:07]} Rd5 {[%clk 00:11:44]} {[%emt 00:00:38]} 27. b4 {[%clk
00:34:25]} {[%emt 00:00:53]} Ne5 {[%clk 00:09:44]} {[%emt 00:05:50]} 28. Rc1
{[%clk 00:32:33]} {[%emt 00:00:05]} h6 {[%clk 00:05:42]} {[%emt 00:03:31]} 29.
Na6 {[%clk 00:21:21]} {[%emt 00:11:41]} Rxd3 {[%clk 00:04:22]} {[%emt
00:01:51]} 30. a4 {[%clk 00:20:49]} {[%emt 00:01:01]} Rd6 {[%clk 00:02:16]}
{[%emt 00:02:37]} 31. b5 {[%clk 00:20:58]} {[%emt 00:00:21]} Nd3 {[%clk
00:01:17]} {[%emt 00:01:29]} 32. Rcc7 {[%clk 00:20:59]} {[%emt 00:00:28]} Nxf2+
{[%clk 00:01:05]} {[%emt 00:00:43]} 33. Kg2 {[%clk 00:20:25]} {[%emt 00:01:03]}
Ne4 {[%clk 00:01:15]} {[%emt 00:00:21]} 34. Rxf7 {[%clk 00:20:25]} {[%emt
00:00:29]} Rd2+ {[%clk 00:01:37]} {[%emt 00:00:09]} 35. Kf1 {[%clk 00:20:45]}
{[%emt 00:00:09]} Rd1+ {[%clk 00:00:37]} {[%emt 00:01:32]} 36. Ke2 {[%clk
00:20:53]} {[%emt 00:00:21]} Nc3+ {[%clk 00:01:03]} {[%emt 00:00:05]} 37. Ke3
{[%clk 00:21:01]} {[%emt 00:00:21]} Nd5+ {[%clk 00:00:57]} {[%emt 00:00:37]}
38. Kf2 {[%clk 00:20:46]} {[%emt 00:00:44]} Rf8 {[%clk 00:01:14]} {[%emt
00:00:14]} 39. Rxf8+ {[%clk 00:20:56]} {[%emt 00:00:20]} Kxf8 {[%clk 00:01:40]}
{[%emt 00:00:04]} 40. Nc5 {[%clk 00:20:13]} {[%emt 00:01:12]} Rd2+ {[%clk
00:01:34]} {[%emt 00:00:37]} 41. Ke1 {[%clk 00:19:01]} {[%emt 00:01:41]} Rxh2
{[%clk 00:26:45]} {[%emt 00:08:35]} 42. Nxe6+ {[%clk 00:47:51]} Ke8 {[%clk
00:26:44]} {[%emt 00:00:03]} 43. Nxg7+ {[%clk 00:47:10]} {[%emt 00:00:09]} Kd8
{[%clk 00:26:42]} {[%emt 00:00:28]} 44. Rxa7 {[%clk 00:46:48]} {[%emt
00:00:51]} Rb2 {[%clk 00:25:28]} {[%emt 00:01:44]} 45. Ne6+ {[%clk 00:44:27]}
{[%emt 00:02:52]} Kc8 {[%clk 00:24:53]} {[%emt 00:01:05]} 46. Nd4 {[%clk
00:44:08]} {[%emt 00:00:47]} Nc3 {[%clk 00:24:16]} {[%emt 00:01:08]} 47. g4
{[%clk 00:39:46]} {[%emt 00:04:52]} Rb4 {[%clk 00:22:49]} {[%emt 00:01:58]} 48.
Nc6 {[%clk 00:35:36]} {[%emt 00:04:39]} Rxa4 {[%clk 00:21:37]} {[%emt
00:01:43]} 49. Rxa4 {[%clk 00:35:53]} {[%emt 00:00:13]} Nxa4 {[%clk 00:22:01]}
{[%emt 00:00:06]} 50. Kf2 {[%clk 00:35:52]} {[%emt 00:00:30]} Nc3 {[%clk
00:22:12]} {[%emt 00:00:19]} 51. Nd4 {[%clk 00:36:14]} {[%emt 00:00:07]} Nd5
{[%clk 00:20:56]} {[%emt 00:01:48]} 52. Kf3 {[%clk 00:36:18]} {[%emt 00:00:25]}
Kd7 {[%clk 00:21:20]} {[%emt 00:00:06]} 53. Ke4 {[%clk 00:36:13]} {[%emt
00:00:34]} Kd6 {[%clk 00:20:10]} {[%emt 00:01:41]} 54. Nf5+ {[%clk 00:35:27]}
{[%emt 00:01:16]} Kc5 {[%clk 00:20:17]} {[%emt 00:00:23]} 55. Ke5 {[%clk
00:35:35]} {[%emt 00:00:21]} Nc7 {[%clk 00:19:50]} {[%emt 00:00:58]} 56. Nxh6
{[%clk 00:34:24]} {[%emt 00:01:40]} Kxb5 {[%clk 00:18:00]} {[%emt 00:02:21]}
57. g5 {[%clk 00:33:38]} {[%emt 00:01:15]} Ne8 {[%clk 00:18:20]} {[%emt
00:00:10]} 58. g6 {[%clk 00:33:28]} {[%emt 00:00:40]} Kc6 {[%clk 00:18:33]}
{[%emt 00:00:17]} 59. Ke6 {[%clk 00:33:09]} {[%emt 00:00:48]} Ng7 {[%clk
00:18:55]} {[%emt 00:00:14]} 60. Kf7 {[%clk 00:32:52]} {[%emt 00:03:20]} Nh5
{[%clk 00:19:19]} 61. Ng8 {[%clk 00:32:26]} {[%emt 00:00:01]} Kd6 {[%clk
00:17:22]} {[%emt 00:00:50]} 62. Nf6 {[%clk 00:32:19]} {[%emt 00:00:36]} Ng3
{[%clk 00:17:11]} {[%emt 00:00:41]} 63. Ne4+ {[%clk 00:31:57]} {[%emt
00:00:50]} Nxe4 {[%clk 00:17:28]} {[%emt 00:00:15]} 64. g7 {[%clk 00:32:22]}
{[%emt 00:00:04]} Ng5+ {[%clk 00:17:36]} {[%emt 00:00:22]} 65. Kg6 {[%clk
00:32:46]} {[%emt 00:00:06]} 1-0